|
|
|
|
| LEADER |
01428nam a2200349 4500 |
| 001 |
ocn812615093 |
| 003 |
OCoLC |
| 005 |
20180501122003.0 |
| 006 |
m o d |
| 007 |
cr cnu---unuuu |
| 008 |
121012s2002 xx o 000 0 eng d |
| 040 |
|
|
|a OPELS
|b eng
|e pn
|c OPELS
|d OCLCQ
|d OCLCF
|d OCLCQ
|d DEBBG
|d GrThAP
|
| 020 |
|
|
|a 0120207834
|q (electronic bk.)
|
| 020 |
|
|
|a 9780120207831
|q (electronic bk.)
|
| 035 |
|
|
|a (OCoLC)812615093
|
| 050 |
|
4 |
|a QD400
|b .A38 v.83
|
| 082 |
0 |
4 |
|a 547/.59
|2 23
|
| 049 |
|
|
|a TEFA
|
| 245 |
0 |
0 |
|a Advances in heterocyclic chemistry.
|n Volume 83 /
|c [edited by Alan R. Katritzky].
|
| 260 |
|
|
|a [Place of publication not identified] :
|b Academic Press,
|c 2002.
|
| 300 |
|
|
|a 1 online resource.
|
| 336 |
|
|
|a text
|b txt
|2 rdacontent
|
| 337 |
|
|
|a computer
|b c
|2 rdamedia
|
| 338 |
|
|
|a online resource
|b cr
|2 rdacarrier
|
| 490 |
0 |
|
|a Advances in heterocyclic chemistry ;
|v v. 83
|
| 520 |
|
|
|a Subject of importance to organic chemists in academia and industry, and to scientists in many fields. Authors are established authorities in their subjects.
|
| 500 |
|
|
|a Title from publisher information (ScienceDirect; viewed on Oct. 12, 2012).
|
| 650 |
|
0 |
|a Heterocyclic chemistry.
|
| 650 |
|
7 |
|a Heterocyclic chemistry.
|2 fast
|0 (OCoLC)fst00955735
|
| 655 |
|
4 |
|a Electronic books.
|
| 700 |
1 |
|
|a Katritzky, Alan R.
|
| 856 |
4 |
0 |
|u https://www.sciencedirect.com/science/bookseries/00652725/83
|z Full Text via HEAL-Link
|